Pokémon - 2G - Statistiques

Statistiques générales
  • Ce quiz a été pris 23 fois
  • Le résultat moyen est 100 sur 115
Statistiques - réponses
Par images Réponse % Correct
Écrémeuh
100%
Ho-Oh
95%
Nostenfer
95%
Simularbre
95%
Airmure
90%
Aligatueur
90%
Axoloto
90%
Axoloto de Paldea
90%
Azumarill
90%
Cadoizo
90%
Capumain
90%
Celebi
90%
Cerfrousse
90%
Corayon
90%
Corayon de Galar
90%
Cornèbre
90%
Démolosse
90%
Donphan
90%
Élekid
90%
Entei
90%
Feuforêve
90%
Fouinar
90%
Fouinette
90%
Germignon
90%
Girafarig
90%
Héricendre
90%
Hoothoot
90%
Kaiminus
90%
Lainergie
90%
Limagma
90%
Lugia
90%
Magby
90%
Malosse
90%
Maraiste
90%
Marill
90%
Méga-Airmure
90%
Méga-Aligatueur
90%
Méga-Cizayox
90%
Méga-Démolosse
90%
Méga-Pharamp
90%
Méga-Steelix
90%
Méga-Tyranocif
90%
Mélo
90%
Mentali
90%
Natu
90%
Noarfang
90%
Noctali
90%
Pharamp
90%
Pichu
90%
Porygon2
90%
Raikou
90%
Roigada
90%
Roigada de Galar
90%
Steelix
90%
Suicune
90%
Teddiursa
90%
Togepi
90%
Togetic
90%
Typhlosion
90%
Typhlosion de Hisui
90%
Tyranocif
90%
Ursaring
90%
Volcaropod
90%
Xatu
90%
Yanma
90%
Zarbi
90%
Cizayox
85%
Cochignon
85%
Coxyclaque
85%
Debugant
85%
Embrylex
85%
Farfuret
85%
Granbull
85%
Héliatronc
85%
Hyporoi
85%
Insolourdo
85%
Joliflor
85%
Kapoera
85%
Leuphorie
85%
Lippouti
85%
Loupio
85%
Macronium
85%
Marcacrin
85%
Méga-Méganium
85%
Méganium
85%
Méga-Scarhino
85%
Mimigal
85%
Phanpy
85%
Qulbutoké
85%
Qwilfish
85%
Qwilfish de Hisui
85%
Scarhino
85%
Scorplane
85%
Snubbull
85%
Tarpaud
85%
Tournegrin
85%
Wattouat
85%
Ymphect
85%
Caratroc
80%
Cotovol
80%
Coxy
80%
Crocrodil
80%
Démanta
80%
Farfuret de Hisui
80%
Feurisson
80%
Floravol
80%
Foretress
80%
Granivol
80%
Lanturn
80%
Octillery
80%
Queulorior
80%
Toudoudou
80%
Migalos
75%
Pomdepik
75%
Rémoraid
75%
Aucun quiz correspondant
Distribution des résultats
% des personnes avec chaque résultat
Percentile par nombre de réponses
Votre historique - résultats
Vous n’avez pas pris ce quiz